00884 2200253 4500001002100000005001500021035002000036008004100056245003300097100002800130260003800158084001800196082001200214650001300226650001500239300002300254520026300277020002200540504002400562990001100586990001100597990001100608990001100619INLIS00000000001613520251215103709 a0010-0522001553251215 g 0 ind 1 aBung Karno Sang Singa Podium1 aSoemohadiwidjojo, Rhien aYogyakarta, :bSecond Hope,c2013 aR.923.1 SOE b aR.923.1 4aBiografi 4aBung Karno a427 hlm ;c22,7 cm aBung Karno Sang Orator Ulung.Bung KArno Singa Podium.Bung Karno Pengobar semangat Rakyat. Masih banyak Stempel Bisa Kita Lekatkan Pada Sosok Putra Sang Fajar,Yang Intinya Bermuara PAda Pengakuan Terhadap Kemampuan Bung Karno Berbicara Di depan Khalayak Ramai a978-602-7760-62-2 aBibliografi 424-426 a064096 a064097 a066515 a066514